| 000 | 01030namaa22003011i 4500 | ||
|---|---|---|---|
| 003 | EG-GICUC | ||
| 005 | 20260318113257.0 | ||
| 008 | 260318s2018 a|||jr|||| 000 0 eng d | ||
| 040 |
_aEG-GiCUC _beng _cEG-GiCUC _dEG-GiCUC _erda |
||
| 082 | 0 | 4 |
_221 _a004.678 _bI61923i |
| 092 | 0 | 4 |
_221 _a004.678 _bI61923i |
| 099 | _a004.678 I61923i 2018 | ||
| 100 | 1 | _eمؤلف. | |
| 245 |
_aInternet of things A to Z : _btechnologies and applications / _cedited by Qusay F. Hassan. |
||
| 250 | _aSecond Edition | ||
| 264 |
_aHoboken, New Jersey : _bJohn Wiley and Sons, _c[2018]. |
||
| 300 |
_a: 700 صفحة _billustrations ؛ _c24 سم |
||
| 336 |
_2rdacontent _atext |
||
| 337 |
_2rdamedia _aUnmediated |
||
| 338 |
_2rdacarrier _avolume |
||
| 504 | _aIncludes bibliographical references and index. | ||
| 541 |
_aمز أحمد عماد الدين ؛ _bالقاهرة ؛ _cإهداء ؛ _d2026 |
||
| 650 | 1 | _aInternet of things. | |
| 651 | 1 | _2qrmak | |
| 700 | 1 |
_aHassan, Qusay F., _d1982- |
|
| 905 | _aHuda | ||
| 942 |
_2ddc _cBK _e21 _n0 |
||
| 999 |
_c179062 _d179062 |
||